|
|
|
|
| LEADER |
02262nem a2200397 a 4500 |
| 001 |
mzk03001085247 |
| 003 |
CZ BrMZK |
| 005 |
20130711175108.0 |
| 007 |
aj|ca||| |
| 008 |
110117q18181820au |||||||a|||r|0|||gerod |
| 034 |
1 |
|
|a a
|b 10000000
|d W1020744
|e W0505041
|f N0505550
|g N0232409
|
| 040 |
|
|
|a BOA001
|b cze
|
| 043 |
|
|
|a n-usr--
|
| 072 |
|
7 |
|a 913(7)
|x Geografie Severní Ameriky, reálie, cestování
|2 Konspekt
|9 7
|
| 072 |
|
7 |
|a 912:904
|x Staré mapy
|2 Konspekt
|9 7
|
| 080 |
|
|
|a (73-11)
|2 MRF
|
| 080 |
|
|
|a (084.3)
|2 MRF
|
| 100 |
1 |
|
|a Rieder, Lorenz,
|d činný 19. století
|7 jx20071127054
|4 aut
|
| 245 |
1 |
0 |
|a Vereinigte Staaten in Nord America nach den besten Hülfsmittel verfast
|h [kartografický dokument] /
|c Lorenz Rieder sc. ; [Joseph Dirwalt]
|
| 255 |
|
|
|a Měřítko [ca 1:10 000 000]. 7,3 cm = 100 Meilen Geographische od: deutsche Meilen 15 auf 4 Grad. 6,3 cm = 100 M. Spanische Meilen 17 1/2 auf 1 Grad. 4,8 cm = 300 M. Englische Meilen 69 1/2 auf 1 Grad
|c (102°07´44" z.d.--050°50´41" z.d./050°55´50" s.š.--023°24´09" s.š.)
|
| 260 |
|
|
|a Wien :
|b bey T. Mollo,
|c [mezi 1818 a 1820]
|
| 300 |
|
|
|a 1 mapa :
|b mědirytina, ručně kolorovaná ;
|c 31,5 x 44 cm, na listu 40 x 49,5 cm
|
| 500 |
|
|
|a Na zadní straně rukopisný nápis: Nord Amerika XII. - Stük Landkarten
|
| 500 |
|
|
|a V pravém dolním rohu poznámka: Lehrbuch der Geographie IV.te Abthl. Seite 170
|
| 500 |
|
|
|a Výzdoba: V levém dolním rohu měřítka, v pravém dolním rohu název a soupis provincií, v mapovém rámci geografické souřadnice, souřadnicová síť
|
| 655 |
|
7 |
|a staré mapy
|7 fd674099
|2 czenas
|
| 651 |
|
7 |
|a Spojené státy americké (východní oblast)
|7 ge234325
|2 czenas
|
| 700 |
1 |
|
|a Mollo, Tranquillo,
|d 1767-1837
|7 xx0085957
|4 pbl
|
| 787 |
0 |
8 |
|i Samostatná mapa publikovaná v atlase:
|t Allgemeiner Hand-Atlas zum Gebrauch für die Jugend in höhern und niedern Schulen für Kaufleute und Zeitungsleser.
|g [Blatt] 53. Verlegt in Wien bey Tranquillo Mollo
|
| 856 |
4 |
1 |
|u http://www.digitalniknihovna.cz/mzk/uuid/uuid:f35e355b-6b4f-470c-be75-f6df0f4ada21
|y Digitalizovaný dokument
|
| 910 |
|
|
|a BOA001
|b STMpa-1257.608
|
| 978 |
|
|
|b Mollo, Tranquillo
|a Wien
|c 1818-1820
|
| 984 |
|
|
|a Vídeň
|b Rakousko
|
| 985 |
|
|
|a 1801-1850
|
| 990 |
|
|
|a MP
|
| 991 |
|
|
|k mzk
|